|
|
|
|
| LEADER |
00000nam a2200000 a 4500 |
| 001 |
vtls001560904 |
| 003 |
SK-MaSNL |
| 005 |
20260302073953.0 |
| 008 |
240315s xo d 000 0 slo |
| 013 |
|
|
|a 284 271
|b xxu
|c patentový spis
|d 20041201
|e dátum nadobudnutia účinkov patentu (Vestník ÚPV SR č.:12/2004 )
|d 20041118
|e dátum sprístupnenia patentu verejnosti
|
| 013 |
|
|
|a 454-99
|e číslo prihlášky
|d 19970716
|e dátum podania prihlášky
|d 20000814
|e dátum zverejnenia prihlášky (Vestník ÚPV SR č.:08/2000 )
|
| 013 |
|
|
|a 60/027 687
|e číslo prioritnej prihlášky
|d 19961008
|e dátum podania prioritnej prihlášky
|
| 013 |
|
|
|a PCT/US97/12350
|e číslo podania medzinárodnej prihlášky podľa PCT
|
| 013 |
|
|
|a WO98/15270
|e číslo zverejnenia medzinárodnej prihlášky podľa PCT
|
| 040 |
|
|
|a SNK
|b slo
|c SNK
|e AACR2
|
| 100 |
1 |
|
|a Shank, Richard P.
|4 aut
|9 305871
|
| 245 |
1 |
|
|a Výroba liečiva na liečenie neuropatickej bolesti
|
| 260 |
|
|
|a [Banská Bystrica]
|b Úrad priemyselného vlastníctva Slovenskej republiky
|c [2004]
|
| 919 |
|
|
|a ISBN
|
| 999 |
|
|
|c 1163080
|d 1165010
|
| 952 |
|
|
|a SNK
|b SNK
|y PREZ
|7 0
|p 17A0467196
|o snkSK 284271
|i snk2005/6575
|8 0
|0 0
|1 0
|4 0
|d 2005-04-20
|l 0
|r 2026-02-24 20:39:33
|w 2026-02-24
|